| 000 | 01372nam2a2200289 4500 | ||
|---|---|---|---|
| 001 | RU\NLR\DIGIT\32134 | ||
| 005 | 20250613202640.0 | ||
| 035 | _a(NLR Aleph) 010121655 | ||
| 090 |
_a10001221 _c10001221 |
||
| 100 | _a20060329j19380602|||y0rusy50 ca | ||
| 101 | 0 | _arus | |
| 102 | _aRU | ||
| 135 | _acrbn 001aaaup | ||
| 200 | 1 | _a№ 117(876) | |
| 210 |
_aВоронеж _eТип. №1 УМП ВО _d2 июня 1938 |
||
| 215 | _a2 с. | ||
| 325 | _aKauchuk_1938_N117 | ||
| 325 | _aКопия доступна в Электрон. б-ке РНБ http://vivaldi.nlr.ru/pn000003867/view | ||
| 461 | 0 |
_1001RU\NLR\DIGIT\31354 _12001#$aКаучук$eОрган парткома и завкома завода СК-2 им. С.М. Кирова$v№ 117(876) _1210##$aВоронеж$d1938 _99995020 _a"Воронежсинтезкаучук", открытое акционерное общество _cВоронеж _d1933 - 1941 _oГазета партколлектива ВКП (б) и завкома завода СК-2 _tКаучук _v№ 117(876) |
|
| 700 | 1 |
_aСмирнов _bН. _4340 |
|
| 801 | 2 |
_aRU _bNLR _c20070626 _2rusmarc |
|
| 852 |
_aNLR _jР 19316 |
||
| 942 | _cISSNP | ||
| 980 | _aNB | ||
| 981 | 3 | 6 | _a(36) Цифровой репозиторий РНБ |
| 981 | 2 | 7 |
_a(27) Периодические издания _b(27) Газеты |